000
00209 a2200097 4500
001
11272
100
_a
Kripendorh, E
245
_a
international, Relat
260
_a
_b
Harvester Press
_c
090
_c
8824
_d
8824
942
_a
NUST-CAE
_c
M
_c
35627
999
_c
246345
_d
246345